| 000 | 00660nam a2200169 a 4500 | ||
|---|---|---|---|
| 001 | 000039383 | ||
| 005 | 20201002031626.0 | ||
| 008 | 130625s2011 sp a 000 0 spa d | ||
| 020 | _a9788499402581 | ||
| 040 |
_aDO-SdBNP _bspa _cBNPHU |
||
| 082 |
_axxx _bM294 |
||
| 245 | 0 | 3 |
_aEl manuscrito de Huarochirí : _blibro sagrado de los Andes peruanos / _cversión bilingüe quechua-castellano de José María Arguedas ; edición y estudio José Ignacio Úzquiza González. |
| 260 |
_aMadrid : _bBiblioteca Nueva, _c2011. |
||
| 300 |
_a480 p. : _bil. ; _c25 cm+ _ecd-rom |
||
| 700 | 1 |
_aArguedas, José María. _924136 |
|
| 700 | 1 |
_aÚzquiza González, José Ignacio _965591 |
|
| 999 |
_c38873 _d38873 |
||